书目信息 |
| 题名: |
一学就会word97 中文版
|
|
| 作者: | 邓文渊 李淑玲 编著 | |
| 分册: | ||
| 出版信息: | 北京 人民交通出版社 1998.09 |
|
| 页数: | 398页 | |
| 开本: | 16开 | |
| 丛书名: | ||
| 单 册: | ||
| 中图分类: | TP391.12 | |
| 科图分类: | ||
| 主题词: | 计算机应用 | |
| 电子资源: | ||
| ISBN: | 7-114-02866-0 | |
| 000 | 00593nam0 2200193 45 | |
| 001 | 0003201500 | |
| 005 | 20000320151354.6 | |
| 010 | @a7-114-02866-0@d36.50元 | |
| 100 | @a20000320d1998 km y0chiy0120 ea | |
| 101 | @achi | |
| 105 | @a z 000yy | |
| 200 | 1 | @a一学就会word97 中文版@AYi Xue Jiu Hui word97 ZhongWen Ban@f邓文渊 李淑玲编著@FDeng Wen Yuan Li Shu Ling Bian Zhu |
| 210 | @a北京@c人民交通出版社@d1998.09 | |
| 215 | @a398页@d16开 | |
| 606 | 0 | @a计算机应用 |
| 690 | @aTP391.12@v3 | |
| 701 | @a邓文渊 李淑玲@4编著 | |
| 801 | @aCN@bPftUser@c20000320 | |
| 905 | @f1@b51086@dTP391.12@eD927 | |
| 一学就会word97 中文版/邓文渊 李淑玲编著.-北京:人民交通出版社,1998.09 |
| 398页;16开 |
| ISBN 7-114-02866-0:36.50元 |
| ● |
| 相关链接 |
|
|
|
正题名:一学就会word97中文版
索取号:TP391.12/D927
 
预约/预借
| 序号 | 登录号 | 条形码 | 馆藏地/架位号 | 状态 | 备注 |
| 1 | 51086 | 200510866 | 期刊室512/301自科库 60排5列4层/ [索取号:TP391.12/D927] | 在馆 |